|
|
|
|
| LEADER |
00000naa2a2200000 4500 |
| 001 |
157796 |
| 005 |
20240528162055.0 |
| 035 |
|
|
|a (RuTPU)RU\TPU\book\171156
|
| 090 |
|
|
|a 157796
|
| 100 |
|
|
|a 20090414d2008 k y0rusy50 ca
|
| 101 |
0 |
|
|a rus
|
| 102 |
|
|
|a RU
|
| 200 |
1 |
|
|a Моделирование процесса бесконтактного возбуждения дуги
|f А. С. Гордынец, А. С. Киселёв
|
| 320 |
|
|
|a Библиогр.: 4 назв.
|
| 463 |
|
0 |
|0 (RuTPU)RU\TPU\book\164780
|t Современные проблемы машиностроения
|o труды IV Международной научно-технической конференции, 26-28 ноября 2008 г., Томск
|f Томский политехнический университет (ТПУ)
|v С. 273-276
|d 2008
|p 666 с.
|
| 610 |
1 |
|
|a сварка
|
| 610 |
1 |
|
|a бесконтактное возбуждение
|
| 610 |
1 |
|
|a моделирование
|
| 610 |
1 |
|
|a сварочная дуга
|
| 610 |
1 |
|
|a труды учёных ТПУ
|
| 700 |
|
1 |
|a Гордынец
|b А. С.
|c специалист в области сварочного производства
|c ассистент Томского политехнического университета
|f 1980-
|g Антон Сергеевич
|3 (RuTPU)RU\TPU\pers\31695
|9 15826
|
| 701 |
|
1 |
|a Киселев
|b А. С.
|c специалист в области сварочного производства
|c заведующий кафедрой Томского политехнического университета, кандидат технических наук
|f 1955-
|g Алексей Сергеевич
|y Томск
|3 (RuTPU)RU\TPU\pers\26509
|9 12211
|
| 801 |
|
1 |
|a RU
|b 63413507
|c 20090414
|g PSBO
|
| 801 |
|
2 |
|a RU
|b 63413507
|c 20150604
|g RCR
|
| 942 |
|
|
|c BK
|